| 000 -ლიდერი |
| ფიქსირებული სიგრძის საკონტროლო ველი |
01756nam a2200301Ia 4500 |
| 001 - საკონტროლო ნომერი |
| საკონტროლო ველი |
6596 |
| 003 - საკონტროლო ნომრის იდენტიფიკატორი |
| საკონტროლო ველი |
GE_BSU |
| 005 - ბოლო ოპერაციის თარიღი და დრო |
| საკონტროლო ველი |
20191118114834.0 |
| 008 - ფიქსირებული სიგრძის მონაცემთა ელემენტები - ზოგადი ინფორმაცია |
| ფიქსირებული სიგრძის საკონტროლო ველი |
181216s2003||||ge |||||||||||||| ||geo|| |
| 020 ## - წიგნის საერთაშორისო სტანდარტული ნომერი |
| International Standard Book Number |
9992889047 |
| 040 ## - კატალოგიზაციის წყარო |
| Transcribing agency |
GE_BSU |
| 041 ## - ენის კოდი |
| Language code of text/sound track or separate title |
geo |
| 080 ## - უნივერსალური ათობითი კლასიფიკაციის ინდექსი |
| Universal Decimal Classification number |
616.311+616.317 ბ-86 |
| 100 ## - მთავარი ჩანაწერი - პიროვნების სახელი |
| Personal name |
ბოროვსკი, ე. |
| 9 (RLIN) |
3307 |
| 245 ## - ცნობა სათაურის შესახებ |
| Title |
პირის ღრუს ლორწოვანი გარსისა და ტუჩების დაავადებები / |
| Statement of responsibility, etc |
ბოროვსკი, ე.; რედ. ე. ბოროვსკი, ა. მაშკილეისონი; რუს. თარგმნა თენგიზ ბინიაშვილმა; ქართ. თარგმ. რედ.: ლია ჭელიძე, ალეკო კაციტაძე, კახაბერ ჭელიძე. |
| 264 ## - წარმოების, გამოცემის, დისტრიბუციის და სხვა ცნობები |
| გამოცემის, წარმოების, დისტრიბუციის... ადგილი |
თბილისი : |
| გამოცემის, წარმოების, დისტრიბუციის... სახელწოდება |
მთაწმინდელი, |
| გამოცემის, წარმოების, დისტრიბუციის... თარიღი |
2003. |
| 300 ## - ფიზიკური აღწერა |
| Extent |
295 გვ.: |
| Other physical details |
ილ.; |
| Dimensions |
22 სმ. |
| 490 ## - სერიის ცნობა |
| Series statement |
სასწ. ლიტ. უმაღლ. სამედ. სასწ. სტუდ. და ექიმებისათვის |
| 653 ## - INDEX TERM--UNCONTROLLED |
| Uncontrolled term |
პირის ღრუს დაავადებები; |
| 653 ## - INDEX TERM--UNCONTROLLED |
| Uncontrolled term |
ტუჩების დაავადებები; |
| 653 ## - INDEX TERM--UNCONTROLLED |
| Uncontrolled term |
მედიცინა |
| 700 ## - ADDED ENTRY--PERSONAL NAME |
| Personal name |
მაშკილეისონი, ა. |
| Relator term |
ავტორი |
| 9 (RLIN) |
5390 |
| 700 ## - ADDED ENTRY--PERSONAL NAME |
| Personal name |
ბინიაშვილი, თენგიზ |
| Relator term |
მთარგმნელი |
| 9 (RLIN) |
5391 |
| 700 ## - ADDED ENTRY--PERSONAL NAME |
| Personal name |
ბოროვსკი, ე. |
| Relator term |
რედაქტორი |
| 9 (RLIN) |
5392 |
| 700 ## - ADDED ENTRY--PERSONAL NAME |
| Personal name |
მაშკილეისონი, ა. |
| Relator term |
რედაქტორი |
| 9 (RLIN) |
5393 |
| 942 ## - ADDED ENTRY ELEMENTS (KOHA) |
| Koha item type |
წიგნი |
| Source of classification or shelving scheme |
|